Normal view MARC view
  • Burton Marti & Ludwig Linda

Entry Personal Name

Number of records used in: 1

001 - CONTROL NUMBER

  • control field: 179826

003 - CONTROL NUMBER IDENTIFIER

  • control field: OSt

005 - DATE AND TIME OF LATEST TRANSACTION

  • control field: 20230314152803.0

008 - FIXED-LENGTH DATA ELEMENTS

  • fixed length control field: 230314|| aca||aabn | a|a d

040 ## - CATALOGING SOURCE

  • Original cataloging agency: OSt
  • Transcribing agency: OSt

100 ## - HEADING--PERSONAL NAME

  • Personal name: Burton Marti & Ludwig Linda

670 ## - SOURCE DATA FOUND

  • Source citation: Work cat.: (OSt)141827: Burton Marti & Ludwig Linda, Fundamentals of Nursing Care, 2015